000 00590nam a2200205Ia 4500
005 20250508162912.0
008 008 250505s9999 xx 000 0 eng d
020 _a81-7007-178-X
037 _aTextual
040 _aFEDL
_beng
_cFEDL
041 _aeng
_2eng
084 _a330.954, DAS
_qFEDL
100 _aDas Gupta Gurudas
_9774348
245 0 _aSecurities scandal : A report to the Nation
260 _aNew Delhi, India
_bPeople's Publishing House
_c1993
300 _axii,100p
650 _aEconomics
942 _cTEXL
_h330.954, DAS
999 _c1379326
_d1379326